00909 a2200193 45000010006000000050017000060080041000230030015000640400040000790800083001192450058002020200022002602640051002823000019003335050309003520410008006611000025006697000021006946106220260407155901.0260407a1990 arg spa dAR-UNSa-BCEJYS aAR-UNSa-BCEJYSbspacAR-UNSa-BCEJYS a340.3(73)xAplicación del derecho. Efectos jurídicos en los Estados Unidos10aIntroducción al sistema legal de los Estados Unidos a978-950-572-194-8 1aBuenos Aires :bVíctor P. de Zavalíac1990 a252 p.c23 cm. a1. Antecedentes históricos - 2. Enseñanza del derecho - 3. La profesión de abogado - 4. El sistema judicial - 5. Jurisprudencia - 6. El sistema legislativo - 7. Las leyes - 8. Fuentes de autoridad secundaria - 9. La clasificación - 10. Procedimientos - 11. Derecho privado - 12. Derecho público aspa1 aFarnsworth, E. Allan1 aAbeledo, Horacio